Género, equidad y desarrollo/ (Registro nro. 5023)
[ vista simple ]
| 000 -LEADER | |
|---|---|
| fixed length control field | 01241nam a2200253Ia 4500 |
| 003 - CONTROL NUMBER IDENTIFIER | |
| control field | OSt |
| 005 - DATE AND TIME OF LATEST TRANSACTION | |
| control field | 20200430113901.0 |
| 008 - FIXED-LENGTH DATA ELEMENTS--GENERAL INFORMATION | |
| fixed length control field | 191128s1998 ck gr 000 0 spa d |
| 020 ## - INTERNATIONAL STANDARD BOOK NUMBER | |
| International Standard Book Number | 9586017893 |
| 040 ## - CATALOGING SOURCE | |
| Original cataloging agency | CO-JMCR |
| Transcribing agency | CO-JMCR |
| 041 0# - LANGUAGE CODE | |
| Language code of text/sound track or separate title | spa |
| 082 ## - DEWEY DECIMAL CLASSIFICATION NUMBER | |
| Classification number | 305.42 / |
| Item number | D266g |
| 110 1# - MAIN ENTRY--CORPORATE NAME | |
| Corporate name or jurisdiction name as entry element | Departamento Nacional de Planeación |
| 9 (RLIN) | 1612 |
| 245 10 - TITLE STATEMENT | |
| Title | Género, equidad y desarrollo/ |
| Statement of responsibility, etc. | Departamento Nacional de Planeación |
| 250 ## - EDITION STATEMENT | |
| Edition statement | Primera edición |
| 260 ## - PUBLICATION, DISTRIBUTION, ETC. | |
| Place of publication, distribution, etc. | Bogotá : |
| Name of publisher, distributor, etc. | Tercer mundo, |
| Date of publication, distribution, etc. | 1998 |
| 300 ## - PHYSICAL DESCRIPTION | |
| Extent | xii, 370 páginas : |
| Other physical details | Incluye gráficas ; |
| Dimensions | 23cm. |
| 505 ## - FORMATTED CONTENTS NOTE | |
| Formatted contents note | Mujeres en sus casas: poblacion económicamente activa -- Trabajo doméstico no remunerado -- Mujeres en el mercado laboral / Martha Luz Henao, Auro Yaneth Parra -- La mujer en la industria manofacturera --Calidad de vida de las mujeres y gastos sociales |
| 520 ## - SUMMARY, ETC. | |
| Summary, etc. | Este libro es resultadodel interés y propósito del Departamento Nacional de Planeación DNP Para avanzar en logro de la equidad entre mujeres y hombres, entienda ésta como un componente básico de la equidad social. |
| 650 14 - SUBJECT ADDED ENTRY--TOPICAL TERM | |
| Topical term or geographic name entry element | Mujeres trabajadoras |
| 9 (RLIN) | 3766 |
| 650 24 - SUBJECT ADDED ENTRY--TOPICAL TERM | |
| Topical term or geographic name entry element | Participación de la mujer |
| 9 (RLIN) | 3767 |
| 650 24 - SUBJECT ADDED ENTRY--TOPICAL TERM | |
| Topical term or geographic name entry element | MujeresDesarrollo |
| General subdivision | económico y social |
| 9 (RLIN) | 3768 |
| 942 ## - ADDED ENTRY ELEMENTS (KOHA) | |
| Source of classification or shelving scheme | Dewey Decimal Classification |
| Koha item type | Books |
| Withdrawn status | Lost status | Source of classification or shelving scheme | Materials specified (bound volume or other part) | Damaged status | Not for loan | Home library | Current library | Shelving location | Date acquired | Source of acquisition | Cost, normal purchase price | Total Checkouts | Full call number | Barcode | Date last seen | Date last checked out | Copy number | Price effective from | Koha item type |
|---|---|---|---|---|---|---|---|---|---|---|---|---|---|---|---|---|---|---|---|
| Dewey Decimal Classification | Donación--15/04/2018-- | Biblioteca Pública José María del Castillo y Rada | Biblioteca Pública José María del Castillo y Rada | General Stacks | 11/28/2019 | Donación | 0.00 | 2 | 305.42 / D266g | 430001161 | 04/06/2026 | 04/06/2026 | Ej.1 | 11/28/2019 | Books |